MAASAI MARA UNIVERSITY

LIBRARY CATALOGUE

Contact Us: +254 020 2685356/7 or 0774 057787

Box: 861-20500, NAROK, KENYA

Email: info@mmarau.ac.ke

_Comparative International Accounting Nobes Christopher (Record no. 5602)

MARC details
000 -LEADER
fixed length control field 00498nam a2200169Ia 4500
008 - FIXED-LENGTH DATA ELEMENTS--GENERAL INFORMATION
fixed length control field 151021s9999 xx 000 0 und d
020 ## - INTERNATIONAL STANDARD BOOK NUMBER
International Standard Book Number 9.7802737148e+012
050 ## - LIBRARY OF CONGRESS CALL NUMBER
Classification number HF5625.C74 2008
245 ## - TITLE STATEMENT
Title _Comparative International Accounting Nobes Christopher
250 ## - EDITION STATEMENT
Edition statement 10th ed.
260 ## - PUBLICATION, DISTRIBUTION, ETC. (IMPRINT)
Place of publication, distribution, etc. New York Pearson Education 2008
300 ## - PHYSICAL DESCRIPTION
Extent xxi,603p.
500 ## - GENERAL NOTE
General note includes index
650 ## - SUBJECT ADDED ENTRY--TOPICAL TERM
Topical term or geographic name as entry element _International Accounting
700 ## - ADDED ENTRY--PERSONAL NAME
Personal name _Robert Parker
980 ## - EQUIVALENCE OR CROSS-REFERENCE-SERIES STATEMENT--PERSONAL NAME/TITLE [LOCAL, CANADA]
Personal name ^d20101209 04:52:58^okoech

No items available.

© 2016 Maasai Mara University.